Classement Série A 2025-2026 - Statistiques

Statistiques générales
  • Ce quiz a été pris 12 fois
  • Le résultat moyen est 12 sur 20
Statistiques - réponses
Hint Réponse % Correct
1. (Gagnant) Inter
100%
4. (LDC) Como
91%
2. (LDC) Naples
91%
3. (LDC) Rome
91%
5. (Europa League) AC Milan
82%
6. (Europa League) Juventus
82%
7. (Europa Conférence League) Atalanta
64%
18. (Relégué) Cremonese
64%
9. Lazio
55%
20. (Relégué) Pise
55%
10. Udinese
55%
8. Bologne
45%
15. Fiorentina
45%
13. Parme
45%
12. Torino
45%
19. (Relégué) Verone
45%
16. Genoa
36%
11. Sassuolo
36%
14. Cagliari
18%
17. Leche
18%
Aucun quiz correspondant
Distribution des résultats
% des personnes avec chaque résultat
Percentile par nombre de réponses
Votre historique - résultats
Vous n’avez pas pris ce quiz